| 000 | 00414nam a2200157 a 4500 | ||
|---|---|---|---|
| 005 | 20140412111425.0 | ||
| 008 | 090627s19uu xx 00 eng d | ||
| 020 | _a0-439-02717-9 | ||
| 050 |
_aTR(PS E _bHo83 2007 |
||
| 100 | _aKimmelman, Leslie | ||
| 245 |
_aHow do i love you? / _cLeslie Kimmelman. |
||
| 260 |
_aNew York : _bScholastic, _c2007. |
||
| 300 | _a1v. unp. | ||
| 650 | _aCounting | ||
| 999 |
_c106208 _d106208 |
||